[Event "Arco op 37th"]
[Site "Arco"]
[Date "2015.10.12"]
[Round "3"]
[White "Ghidinelli, Giorgio"]
[Black "De Simone Sorrentino, Fabio"]
[Result "1-0"]
[WhiteElo "1832"]
[BlackElo "1697"]
[PlyCount "74"]
[EventDate "2015.10.10"]
[EventType "swiss"]
[EventRounds "9"]
[EventCountry "ITA"]
[SourceTitle "CBM 168 Extra"]
[Source "ChessBase"]
[SourceDate "2015.10.29"]
[SourceVersion "1"]
[SourceVersionDate "2015.10.29"]
[SourceQuality "1"]

1. d4 d5 2. c4 e6 3. Nf3 Nd7 4. Nc3 Ngf6 5. Bg5 c6 6. e3 Be7 7. Qc2 0-0 8. Bd3 dxc4 9. Bxc4 Nd5 10. Bxe7 Qxe7 11. 0-0 Nxc3 12. bxc3 e5 13. e4 exd4 14. cxd4 Nb6 15. Bd3 Bg4 16. Ne5 Bh5 17. Be2 Bxe2 18. Qxe2 Nd7 19. Nc4 Nf6 20. f3 Rad8 21. Rfd1 Nd5 22. Qd2 Nc7 23. Qb2 Ne6 24. Kh1 f6 25. Rd2 Rd7 26. Rad1 Rfd8 27. h3 Qf7 28. e5 Qg6 29. Nd6 b6 30. Qb3 Re7 31. f4 f5 32. Qf3 Rc7 33. d5 cxd5 34. Qxd5 Rc5 35. Qf3 Kf8 36. g3 Rd7 37. Qa8+ Ke7 1-0

[Event "Provaglio op 30th"]
[Site "Provaglio"]
[Date "2013.12.06"]
[Round "5"]
[White "Cristiani, Cesare"]
[Black "Ghidinelli, Giorgio"]
[Result "1-0"]
[WhiteElo "2117"]
[BlackElo "1891"]
[PlyCount "93"]
[EventDate "2013.11.08"]
[EventType "swiss"]
[EventRounds "7"]
[EventCountry "ITA"]
[SourceTitle "EXT 2015"]
[Source "ChessBase"]
[SourceDate "2014.11.20"]
[SourceVersion "1"]
[SourceVersionDate "2014.11.20"]
[SourceQuality "1"]

1. d4 d5 2. c4 c6 3. Nf3 e6 4. g3 Nf6 5. Bg2 Bb4+ 6. Nbd2 Ne4 7. 0-0 Nxd2 8. Bxd2 Bxd2 9. Qxd2 0-0 10. Rac1 Nd7 11. Rfd1 Nb6 12. b3 Bd7 13. Qc2 Qe7 14. c5 Nc8 15. e4 f6 16. Re1 Qf7 17. Re3 Ne7 18. Rce1 dxe4 19. Rxe4 Ng6 20. h4 Rfe8 21. Bh3 f5 22. Ng5 Qf6 23. R4e2 h6 24. Nf3 f4 25. Kg2 fxg3 26. fxg3 Rad8 27. Ne5 Nxe5 28. dxe5 Qe7 29. Rd1 Bc8 30. Rd6 Rxd6 31. cxd6 Qd7 32. Rf2 Rf8 33. Rxf8+ Kxf8 34. Qf2+ Kg8 35. Qxa7 Kf8 36. Qf2+ Qf7 37. Bg4 Ke8 38. Qxf7+ Kxf7 39. Kf2 Ke8 40. Bh5+ Kd7 41. Ke3 b6 42. Bg6 Ba6 43. Bd3 Bb7 44. b4 Kd8 45. a4 Kc8 46. a5 b5 47. Kd4 1-0

[Event "Provaglio Primavera op"]
[Site "Provaglio"]
[Date "2013.03.29"]
[Round "4"]
[White "Ghidinelli, Giorgio"]
[Black "Cristiani, Cesare"]
[Result "0-1"]
[WhiteElo "1902"]
[BlackElo "2128"]
[PlyCount "94"]
[EventDate "2013.03.08"]
[EventType "swiss"]
[EventRounds "7"]
[EventCountry "ITA"]
[SourceTitle "EXT 2014"]
[Source "ChessBase"]
[SourceDate "2013.11.20"]
[SourceVersion "1"]
[SourceVersionDate "2013.11.20"]
[SourceQuality "1"]

1. d4 f5 2. Nf3 Nf6 3. c4 g6 4. Qc2 Bg7 5. Nbd2 0-0 6. e4 fxe4 7. Nxe4 d6 8. Nxf6+ exf6 9. Be3 Nc6 10. a3 f5 11. Qd2 Qf6 12. g3 f4 13. gxf4 Bg4 14. Be2 Rae8 15. 0-0-0 Kh8 16. d5 Na5 17. Qc2 Bxf3 18. Bxf3 Nxc4 19. Rd3 b5 20. Rb3 a6 21. Be2 Nb6 22. Rd1 Qh4 23. Bf3 Nc4 24. Kb1 Qf6 25. Be2 Na5 26. Rc3 Re7 27. Rd2 Qf7 28. Bd4 Nb7 29. Re3 Bxd4 30. Rxd4 Nc5 31. Qc3 Kg8 32. Bg4 Rfe8 33. Bf3 Qf5+ 34. Ka2 Rxe3 35. fxe3 Qh3 36. e4 Qxh2 37. Qe3 Qh6 38. b4 Na4 39. Bg4 Qh1 40. Bf3 Qh6 41. Bd1 Nb6 42. Qf2 Qh1 43. Bf3 Qc1 44. Qd2 Qxd2+ 45. Rxd2 Rf8 46. Bg4 Rxf4 47. Be6+ Kg7 0-1